[Event "Graz Casino Open 2014"]
[Site "Graz AUT"]
[Date "2014.02.20"]
[Round "8.4"]
[White "Ankit, R. Rajpara"]
[Black "Felgaer, Ruben"]
[Result "1-0"]
[WhiteTitle "IM"]
[BlackTitle "GM"]
[WhiteElo "2455"]
[BlackElo "2569"]
[WhiteFideId "5023335"]
[BlackFideId "107069"]
[EventDate "2014.02.14"]

1. e4 c5 2. Nf3 Nc6 3. Bb5 g6 4. Bxc6 bxc6 5. O-O Bg7 6. Re1 Nh6 7. c3 O-O 8. h3
f6 9. d4 Qb6 10. Qc2 Nf7 11. b3 d6 12. Nbd2 cxd4 13. cxd4 Bd7 14. Bb2 Qb5 15. e5
Bf5 16. Qc1 d5 17. a4 Qb7 18. Qc5 Rac8 19. Rac1 fxe5 20. dxe5 Nd8 21. Nd4 Ne6
22. Nxe6 Bxe6 23. Bd4 a6 24. Qc3 c5 25. Bxc5 Bh6 26. Qd3 Rxc5 27. Rxc5 Qb4 28.
Rxd5 Bxd5 29. Qxd5+ e6 30. Qxe6+ Kh8 31. Re2 Bxd2 32. Qxa6 Bg5 33. Qd3 Rd8 34.
Qc2 Rb8 35. e6 Be7 36. Re3 Kg8 37. g3 Qd6 38. Qc4 Rd8 39. Rf3 Qd1+ 40. Kg2 Qd6
41. Rf7 Rf8 42. Rxf8+ Kxf8 43. a5 Qb4 44. Qd5 Bc5 45. a6 Ke7 46. Qd7+ Kf6 47.
Qf7+ Kg5 48. e7 Qe4+ 49. Kh2 1-0

[Event "Graz Casino Open 2014"]
[Site "Graz AUT"]
[Date "2014.02.20"]
[Round "8.5"]
[White "Barbosa, Evandro Amorim"]
[Black "Li, Chao b"]
[Result "0-1"]
[WhiteTitle "IM"]
[BlackTitle "GM"]
[WhiteElo "2459"]
[BlackElo "2697"]
[WhiteFideId "2115824"]
[BlackFideId "8604436"]
[EventDate "2014.02.14"]

1. e4 c5 2. Nf3 Nc6 3. Bb5 g6 4. Bxc6 bxc6 5. O-O Bg7 6. Re1 Rb8 7. c3 Nf6 8. e5
Nd5 9. c4 Nc7 10. d4 O-O 11. Nc3 Ne6 12. d5 cxd5 13. cxd5 Nc7 14. Bg5 f6 15.
exf6 exf6 16. Bf4 d6 17. Ne4 Rb6 18. a4 Bf5 19. a5 Rb4 20. Nfd2 Re8 21. Qf3 Nb5
22. Bg3 Re7 23. Kf1 Qd7 24. h3 Nd4 25. Qc3 Bxe4 26. Nxe4 Rxe4 27. Rxe4 f5 28.
Ree1 Qb5+ 29. Kg1 Ne2+ 30. Rxe2 Bxc3 31. bxc3 Qxe2 32. cxb4 cxb4 33. Bxd6 b3 34.
Ba3 b2 35. Rb1 Qd3 36. Rxb2 Qxa3 37. Rb8+ Kg7 38. Rb7+ Kh6 39. Rxa7 Qa1+ 40. Kh2
Qe5+ 41. Kg1 Qe1+ 42. Kh2 Qxf2 0-1

[Event "Graz Casino Open 2014"]
[Site "Graz AUT"]
[Date "2014.02.20"]
[Round "8.7"]
[White "Baldauf, Marco"]
[Black "Santiago, Yago De Moura"]
[Result "1-0"]
[WhiteTitle "FM"]
[BlackTitle "IM"]
[WhiteElo "2396"]
[BlackElo "2451"]
[WhiteFideId "4688210"]
[BlackFideId "2103877"]
[EventDate "2014.02.14"]

1. c4 e6 2. Nc3 Bb4 3. Qb3 c5 4. Nb5 d6 5. Qg3 Ke7 6. a3 Ba5 7. b4 cxb4 8. c5
Kf8 9. Qxd6+ Qxd6 10. Nxd6 Nc6 11. e3 Nf6 12. Bb5 bxa3 13. Bxa3 Bc7 14. Nxc8
Rxc8 15. Nf3 Ke7 16. Ke2 Rhd8 17. g4 Nxg4 18. Bxc6 bxc6 19. Bb2 a5 20. Rhg1 Nf6
21. Nd4 Bxh2 22. Rxg7 Be5 23. Rxa5 Kf8 24. Rg1 Rd5 25. f4 Bxd4 26. Bxd4 Nd7 27.
Rb1 Ke8 28. Rb7 h5 29. Raa7 h4 30. Kf3 h3 31. Kg3 f6 32. Kxh3 e5 33. Bc3 Ke7 34.
Kg3 exf4+ 35. Kxf4 Ke6 36. d4 Rf5+ 37. Ke4 Rd5 38. Rc7 f5+ 39. Kf3 Rh8 40. Rxc6+
Ke7 41. Rcc7 Rh3+ 42. Ke2 1-0

[Event "Graz Casino Open 2014"]
[Site "Graz AUT"]
[Date "2014.02.20"]
[Round "8.8"]
[White "Haznedaroglu, Kivanc"]
[Black "Freitag, Manfred"]
[Result "1-0"]
[WhiteTitle "GM"]
[BlackTitle "IM"]
[WhiteElo "2437"]
[BlackElo "2395"]
[WhiteFideId "6300634"]
[BlackFideId "1602004"]
[EventDate "2014.02.14"]

1. e4 c5 2. Nf3 d6 3. d4 cxd4 4. Nxd4 Nf6 5. Nc3 a6 6. Bg5 e6 7. f4 Qb6 8. Nb3
Nbd7 9. Qf3 Be7 10. O-O-O Qc7 11. Bd3 b5 12. a3 Bb7 13. Rhe1 O-O-O 14. Qe2 e5
15. f5 Nc5 16. Kb1 Kb8 17. Bd2 d5 18. Nxc5 Bxc5 19. exd5 Bd4 20. d6 Rxd6 21. Ne4
Nxe4 22. Bxe4 Rhd8 23. Bb4 Bc5 24. Rxd6 Qxd6 25. Bxb7 Bxb4 26. axb4 Kxb7 27.
Qxe5 Qxe5 28. Rxe5 Rd1+ 29. Ka2 Rd2 30. g4 Rxc2 31. f6 gxf6 32. Rh5 f5 33. g5 f4
34. Rxh7 Rc7 35. Rh4 Rc4 36. b3 Rxb4 37. Rh7 Kc6 38. Rxf7 f3 39. Rxf3 Rg4 40.
Rg3 Rxg3 41. hxg3 Kd5 42. b4 1-0

[Event "Graz Casino Open 2014"]
[Site "Graz AUT"]
[Date "2014.02.20"]
[Round "8.9"]
[White "Ohme, Melanie"]
[Black "Froewis, Georg"]
[Result "1/2-1/2"]
[WhiteTitle "WGM"]
[BlackTitle "IM"]
[WhiteElo "2330"]
[BlackElo "2437"]
[WhiteFideId "4690745"]
[BlackFideId "1618423"]
[EventDate "2014.02.14"]

1. d4 Nf6 2. Nc3 d5 3. Bg5 e6 4. Nf3 Nbd7 5. e4 h6 6. Bxf6 Nxf6 7. Qd3 dxe4 8.
Nxe4 Nxe4 9. Qxe4 Be7 10. Bd3 Qd5 11. O-O Qxe4 12. Bxe4 O-O 13. Ne5 Rd8 14. Rad1
c6 15. Rd3 f6 16. Nc4 Rb8 17. Re1 Kf7 18. c3 g5 19. Rh3 Bf8 20. Rd3 h5 21. g3
Bd7 22. f4 g4 23. Rd2 b6 1/2-1/2

[Event "Graz Casino Open 2014"]
[Site "Graz AUT"]
[Date "2014.02.20"]
[Round "8.10"]
[White "Berchtenbreiter, Maximilian"]
[Black "Schnider, Gert"]
[Result "1-0"]
[WhiteTitle "IM"]
[BlackTitle "FM"]
[WhiteElo "2421"]
[BlackElo "2378"]
[WhiteFideId "24641120"]
[BlackFideId "1606310"]
[EventDate "2014.02.14"]

1. a3 c5 2. b4 b6 3. Nf3 Nf6 4. Nc3 d5 5. e3 e6 6. Rb1 Be7 7. bxc5 bxc5 8. Bb2
O-O 9. Ba1 Nc6 10. Bb5 Bd7 11. O-O Rb8 12. a4 Qa5 13. Ne2 a6 14. Bc3 Qb6 15. a5
Qc7 16. Bxc6 Bxc6 17. Rxb8 Rxb8 18. Ne5 Ne4 19. Ba1 Be8 20. d3 Nf6 21. Bc3 Ba4
22. Qd2 d4 23. exd4 cxd4 24. Bxd4 Qxc2 25. Qxc2 Bxc2 26. Nc6 Rb7 27. Nxe7+ Rxe7
28. Nf4 Rd7 29. Bxf6 gxf6 30. Rc1 Bxd3 31. h4 Bb5 32. Rc8+ Kg7 33. g4 f5 34. g5
f6 35. Nh5+ Kg6 36. Nxf6 Rd4 37. Rg8+ Kf7 38. h5 Rg4+ 39. Nxg4 Kxg8 40. Ne5 h6
41. g6 Kg7 42. f3 Kf6 43. Nf7 Be8 44. Nd6 Bc6 45. Kf2 f4 46. Nf7 Kg7 47. Ke2
Bb5+ 48. Kd2 e5 49. Nxe5 Kf6 50. Kc3 Ba4 51. Kd4 Bc2 52. Ng4+ Kg5 53. Ke5 Kxh5
54. g7 Bh7 55. Nf6+ Kg6 56. g8=Q+ Bxg8 57. Nxg8 Kg5 58. Nxh6 1-0

[Event "Graz Casino Open 2014"]
[Site "Graz AUT"]
[Date "2014.02.20"]
[Round "8.11"]
[White "Perhinig, Robert"]
[Black "Dimitriadis, Michael"]
[Result "1-0"]
[WhiteTitle "FM"]
[WhiteElo "2273"]
[BlackElo "2094"]
[WhiteFideId "1602888"]
[BlackFideId "1614908"]
[EventDate "2014.02.14"]

1. d4 Nf6 2. Bg5 d5 3. Bxf6 exf6 4. e3 Be6 5. Nf3 c6 6. Nbd2 Nd7 7. Bd3 g6 8.
O-O Bg7 9. c4 dxc4 10. Nxc4 O-O 11. b4 f5 12. Qc2 Nb6 13. g3 Bd5 14. Nfe5 Re8
15. Rfe1 f6 16. Nxb6 axb6 17. Nc4 b5 18. Nd2 Ra4 19. Qb2 Bf8 20. a3 Qa8 21. Bc2
Ra7 22. Bb3 Qd8 23. e4 fxe4 24. Nxe4 Kf7 25. Nc5 b6 26. Rxe8 Kxe8 27. Ne6 Qd6
28. Bxd5 Qxd5 29. Re1 Kf7 30. Nf4 Qd6 31. Qb3+ Kg7 32. Re8 Rf7 33. Ne6+ Kh6 34.
Qe3+ g5 35. Nxg5 fxg5 36. Re6+ Rf6 37. Rxd6 Rxd6 38. Qe5 Kg6 39. Kg2 Rf6 40.
Qe8+ Kg7 41. Qe5 Kg6 42. d5 c5 43. Qe8+ Kf5 44. f3 1-0

[Event "Graz Casino Open 2014"]
[Site "Graz AUT"]
[Date "2014.02.20"]
[Round "8.12"]
[White "Prosviriakov, Vladimir"]
[Black "Kravanja, Georg"]
[Result "1/2-1/2"]
[WhiteTitle "IM"]
[WhiteElo "2268"]
[BlackElo "2184"]
[WhiteFideId "2004860"]
[BlackFideId "1622366"]
[EventDate "2014.02.14"]

1. Nf3 Nf6 2. c4 c6 3. b3 d5 4. Bb2 Bg4 5. e3 e6 6. Be2 Bd6 7. h3 Bxf3 8. Bxf3
Nbd7 9. Nc3 Qe7 10. Qc2 Ba3 11. Bxa3 Qxa3 12. cxd5 exd5 13. O-O Qd6 14. d4 O-O
15. Na4 Rfe8 16. b4 b5 17. Nc5 Nxc5 18. bxc5 Qc7 19. a4 1/2-1/2

[Event "Graz Casino Open 2014"]
[Site "Graz AUT"]
[Date "2014.02.20"]
[Round "8.13"]
[White "Jicman, Ligia-Letitia"]
[Black "Petschar, Kurt"]
[Result "1/2-1/2"]
[WhiteTitle "WIM"]
[BlackTitle "FM"]
[WhiteElo "2166"]
[BlackElo "2317"]
[WhiteFideId "1201581"]
[BlackFideId "1600478"]
[EventDate "2014.02.14"]

1. e4 e5 2. Nf3 Nc6 3. Bb5 a6 4. Ba4 Nf6 5. Qe2 Be7 6. c3 d6 7. d3 O-O 8. Nbd2
b5 9. Bb3 Na5 10. Bc2 c5 11. Nf1 Nc6 12. Ng3 d5 13. O-O d4 14. h3 Re8 15. Bb3 h6
16. Nh4 dxc3 17. bxc3 b4 18. Nhf5 bxc3 19. Nxe7+ Rxe7 20. Qc2 Qa5 21. Be3 Nd4
22. Qc1 Kh7 23. Kh2 Be6 24. f4 Bxb3 25. fxe5 Nd7 26. axb3 Qb4 27. Ra4 Qxb3 28.
Ra3 Qe6 29. Rxc3 Qxe5 30. Rc4 Qxg3+ 31. Kxg3 Ne2+ 32. Kh2 Nxc1 33. Rcxc1 Ne5 34.
Bxc5 Rd7 35. d4 Nd3 36. Rc4 Nxc5 37. dxc5 Rc7 38. Ra1 Rc6 39. Ra5 Kg6 40. Rb4
Rac8 41. Rb6 f6 42. e5 Rxc5 1/2-1/2

[Event "Graz Casino Open 2014"]
[Site "Graz AUT"]
[Date "2014.02.20"]
[Round "8.14"]
[White "Stagl, Marco"]
[Black "Spindelboeck, Gernot"]
[Result "0-1"]
[WhiteElo "2155"]
[BlackElo "2253"]
[WhiteFideId "1604724"]
[BlackFideId "1604511"]
[EventDate "2014.02.14"]

1. c4 Nf6 2. g3 e6 3. Bg2 d5 4. Nf3 Be7 5. d4 O-O 6. O-O Nbd7 7. Qc2 c6 8. Nbd2
b6 9. e4 Ba6 10. b3 Rc8 11. Bb2 c5 12. exd5 exd5 13. Qf5 g6 14. Qh3 cxd4 15.
Nxd4 Nc5 16. Rad1 Rc7 17. Qh6 Nd3 18. Ba1 Ng4 19. Nf5 Bf6 20. Qh3 gxf5 21. Qh5
Bxa1 22. Qxf5 Qc8 23. Qxd3 dxc4 24. Qd5 Bg7 25. Bh3 c3 26. Ne4 Bb7 27. Nd6 Bxd5
28. Nxc8 Bf3 0-1

[Event "Graz Casino Open 2014"]
[Site "Graz AUT"]
[Date "2014.02.20"]
[Round "8.15"]
[White "Sadilek, Peter"]
[Black "Legenstein, Robert"]
[Result "0-1"]
[WhiteTitle "FM"]
[WhiteElo "2244"]
[BlackElo "2050"]
[WhiteFideId "1616439"]
[BlackFideId "1619667"]
[EventDate "2014.02.14"]

1. d4 d5 2. c4 dxc4 3. e3 Nf6 4. Bxc4 e6 5. Nf3 c5 6. O-O a6 7. Nc3 b5 8. Bb3
Bb7 9. Qe2 Nbd7 10. Rd1 Qb6 11. d5 exd5 12. Nxd5 Bxd5 13. Bxd5 Nxd5 14. Rxd5 Qb7
15. e4 Be7 16. Bg5 f6 17. Bf4 Nb6 18. Rad1 O-O 19. R5d2 c4 20. Bd6 Rae8 21. Nh4
Bxd6 22. Rxd6 Nc8 23. R6d5 Qe7 24. f3 Nb6 25. Nf5 Qc7 26. R5d4 Rd8 27. Qf2 Na4
28. Nd6 Nc5 29. Qc2 Rd7 30. Nxc4 Rxd4 31. Rxd4 Ne6 32. Rd6 Re8 33. Rxa6 bxc4 34.
Qa4 Re7 35. Rc6 Qe5 36. Qxc4 Kf7 37. g3 Qxb2 38. Kh1 Qd4 39. Qb3 Qf2 40. Qc4
Qxf3+ 41. Kg1 Qd1+ 42. Kg2 Qd2+ 43. Kh1 Qd4 44. Qc2 Ra7 0-1

[Event "Graz Casino Open 2014"]
[Site "Graz AUT"]
[Date "2014.02.20"]
[Round "8.17"]
[White "Deutschmann, Robert Peter"]
[Black "Bachler, Reinhard"]
[Result "0-1"]
[WhiteElo "2014"]
[BlackElo "2205"]
[WhiteFideId "1609785"]
[BlackFideId "1600273"]
[EventDate "2014.02.14"]

1. d4 Nf6 2. c4 e6 3. Nf3 b6 4. a3 Bb7 5. Nc3 Be7 6. d5 d6 7. Nd4 c5 8. Nc2 exd5
9. cxd5 O-O 10. g3 Na6 11. Bg2 Nc7 12. O-O b5 13. h3 a5 14. Ne3 b4 15. Na4 Ra6
16. Qd3 Re8 17. axb4 axb4 18. b3 Nd7 19. Nc4 Bf6 20. Ra2 Ne5 21. Nxe5 Bxe5 22.
f4 Bf6 23. g4 g6 24. g5 Bg7 25. e4 Bd4+ 26. Kh1 Qd7 27. Bd2 Bg7 28. e5 Nxd5 29.
Nxc5 dxc5 30. Rxa6 Bxa6 31. Qxa6 Bf8 32. Qd3 Rd8 33. Qf3 Ne7 34. Be3 Nf5 35. Qf2
Qd3 36. Re1 Qc3 37. Be4 Qxb3 38. Bxf5 gxf5 39. Re2 c4 40. Rb2 Qd1+ 41. Kh2 c3
42. Rc2 Qd3 43. Bb6 Qxc2 0-1

[Event "Graz Casino Open 2014"]
[Site "Graz AUT"]
[Date "2014.02.20"]
[Round "8.18"]
[White "Guo, Emma"]
[Black "Zimmermann, Heinz"]
[Result "1-0"]
[WhiteTitle "WIM"]
[WhiteElo "1997"]
[BlackElo "2177"]
[WhiteFideId "3200795"]
[BlackFideId "1600559"]
[EventDate "2014.02.14"]

1. d4 g6 2. c4 Bg7 3. Nc3 d6 4. e4 Nf6 5. h3 O-O 6. Bg5 c6 7. Nf3 Nbd7 8. Be2 e5
9. d5 cxd5 10. cxd5 Qa5 11. Nd2 a6 12. O-O b5 13. a3 h6 14. Bh4 b4 15. Nc4 Qc5
16. axb4 Qxb4 17. Ra4 Qb8 18. b4 Nb6 19. Nxb6 Qxb6 20. Bxf6 Bxf6 21. b5 a5 22.
Rc4 Bd7 23. Rc6 Qb8 24. Qa4 Bd8 25. Qc4 Bb6 26. Na4 Bxc6 27. dxc6 Ra7 28. Qd5
Kg7 29. Nxb6 Qxb6 30. Qxd6 Re8 31. Rc1 a4 32. Bc4 a3 33. Qd5 f6 34. Ba2 Rd8 35.
Qc5 Qxc5 36. Rxc5 Ra5 37. Rd5 1-0

[Event "Graz Casino Open 2014"]
[Site "Graz AUT"]
[Date "2014.02.20"]
[Round "8.19"]
[White "Gutmann, Alois"]
[Black "Ernst, Michael"]
[Result "1/2-1/2"]
[WhiteElo "2050"]
[BlackElo "2163"]
[WhiteFideId "1614983"]
[BlackFideId "1618393"]
[EventDate "2014.02.14"]

1. e4 e6 2. d4 d5 3. Nd2 Nf6 4. e5 Nfd7 5. Bd3 b6 6. f4 Ba6 7. Ndf3 Be7 8. Ne2
c5 9. c3 Bxd3 10. Qxd3 c4 11. Qc2 Nc6 12. f5 Nf8 13. Nf4 Qd7 14. Nh5 Rg8 15.
fxe6 fxe6 16. O-O O-O-O 17. Qa4 Kb7 18. b3 Qe8 19. Ng3 Na5 20. Qxe8 Rxe8 21. b4
Nc6 22. Bg5 1/2-1/2

[Event "Graz Casino Open 2014"]
[Site "Graz AUT"]
[Date "2014.02.20"]
[Round "8.20"]
[White "Goessler, Markus"]
[Black "Perdomo Araujo, Angel Eduardo"]
[Result "1-0"]
[WhiteElo "2154"]
[BlackElo "2010"]
[WhiteFideId "1633260"]
[BlackFideId "3902528"]
[EventDate "2014.02.14"]

1. e4 e6 2. d4 d5 3. Nd2 Nf6 4. e5 Nfd7 5. Bd3 c5 6. c3 Nc6 7. Ne2 cxd4 8. cxd4
f6 9. exf6 Qxf6 10. Nf3 Bb4+ 11. Bd2 Bxd2+ 12. Qxd2 O-O 13. O-O e5 14. dxe5
Ndxe5 15. Nxe5 Nxe5 16. Bc2 Be6 17. Nd4 Bf7 18. Rad1 Rad8 19. f3 Nc4 20. Qf2
Rfe8 21. Rfe1 Qf4 22. Ba4 Re5 23. Rxe5 Nxe5 24. Bb3 a6 25. Ne2 Qf6 26. Qd4 Qg5
27. Kh1 Nc6 28. Qc5 Qe5 29. Rd2 Qg5 30. Rd1 Qe5 31. Rd2 Qg5 32. Rd1 Qe5 33. Nc3
d4 34. Bxf7+ Kxf7 35. Qxe5 Nxe5 36. Ne4 b5 37. Kg1 h6 38. Kf2 Rc8 39. Nd6+ 1-0

[Event "Graz Casino Open 2014"]
[Site "Graz AUT"]
[Date "2014.02.20"]
[Round "8.21"]
[White "Scholzen, Wolfgang"]
[Black "Gaal, Alexander"]
[Result "1/2-1/2"]
[WhiteElo "2127"]
[BlackElo "1962"]
[WhiteFideId "24637629"]
[BlackFideId "1639374"]
[EventDate "2014.02.14"]

1. d4 Nf6 2. Nf3 g6 3. c4 Bg7 4. Nc3 d6 5. Bg5 Nbd7 6. e3 h6 7. Bh4 g5 8. Bg3
Nh5 9. Be2 Nxg3 10. hxg3 c5 11. Qd3 Qa5 12. O-O Nf6 13. a3 cxd4 14. Nxd4 g4 15.
Ncb5 a6 16. b4 Qd8 17. Nc3 Qd7 18. Bd1 O-O 19. Ba4 Qd8 20. Bc2 e5 21. Nd5 Re8
22. Nxf6+ Qxf6 23. Qh7+ Kf8 24. Nf5 Bxf5 25. Qxf5 Qxf5 26. Bxf5 h5 27. Rad1 Red8
28. Rd5 Bh6 29. Rfd1 Ke7 30. Kf1 Bf8 31. Ke2 Kf6 32. e4 Be7 33. a4 b6 34. Kd3
Rdb8 35. Kc3 Ra7 36. Ra1 Rc7 37. Kb3 Rcb7 38. Rd2 a5 39. Rh1 Kg5 40. b5 Rh8 41.
f3 Rbb8 42. Rdd1 Rh6 43. Rh4 Rbh8 44. Rdh1 gxf3 45. gxf3 Bf8 46. Kc3 Kf6 47. Kd3
Ke7 48. Ke3 Bg7 49. R4h2 Bf6 50. f4 h4 51. fxe5 dxe5 52. gxh4 Bxh4 53. Kf3 Bg5
54. Rxh6 Rxh6 55. Rg1 Bf4 56. Rg8 Rd6 57. Rb8 Bd2 58. c5 bxc5 59. b6 c4 60. b7
Rb6 61. Ke2 Bb4 62. Rc8 Rxb7 63. Rxc4 Kd6 64. Kd3 Bc5 65. Bh7 Rb1 66. Bg8 f6 67.
Rc2 Rh1 68. Kc4 Ra1 69. Kb5 Bb4 1/2-1/2

[Event "Graz Casino Open 2014"]
[Site "Graz AUT"]
[Date "2014.02.20"]
[Round "8.22"]
[White "Froewis, Annika"]
[Black "Kopinits, Anna-Christina"]
[Result "1-0"]
[BlackTitle "WIM"]
[WhiteElo "2021"]
[BlackElo "2260"]
[WhiteFideId "1621432"]
[BlackFideId "1614142"]
[EventDate "2014.02.14"]

1. e4 c5 2. Nf3 Nc6 3. d4 cxd4 4. Nxd4 Nf6 5. Nc3 e5 6. Ndb5 h6 7. Nd6+ Bxd6 8.
Qxd6 Qe7 9. Qxe7+ Kxe7 10. Be3 d6 11. f3 Be6 12. O-O-O a6 13. b3 Rac8 14. Kb2 b5
15. Rd2 Rc7 16. Nd5+ Bxd5 17. exd5 Nb8 18. c4 bxc4 19. Bxc4 Nfd7 20. f4 f6 21.
g4 exf4 22. Bxf4 Ne5 23. Re1 Rcc8 24. h4 g5 25. hxg5 hxg5 26. Bxe5 fxe5 27. Rf2
Rcf8 28. Rxf8 Rxf8 29. Bd3 a5 30. Bf5 Nd7 31. Rc1 Nc5 32. Rh1 Rf7 33. Rh5 Rg7
34. Rh8 a4 35. Ra8 axb3 36. axb3 e4 37. b4 Nd3+ 38. Kc3 Kf6 39. Re8 Ne5 40. Re6+
Kf7 41. Rxd6 1-0

[Event "Graz Casino Open 2014"]
[Site "Graz AUT"]
[Date "2014.02.20"]
[Round "8.23"]
[White "Singer, Richard"]
[Black "Kersten, Julian"]
[Result "1-0"]
[WhiteTitle "FM"]
[WhiteElo "2247"]
[BlackElo "1982"]
[WhiteFideId "1602810"]
[BlackFideId "1628542"]
[EventDate "2014.02.14"]

1. d4 Nf6 2. c4 g6 3. Nc3 Bg7 4. e4 d6 5. f3 O-O 6. Be3 Nc6 7. Nge2 a6 8. g4 e5
9. d5 Ne7 10. Qd2 c6 11. O-O-O cxd5 12. cxd5 Qa5 13. Kb1 b5 14. a3 Bd7 15. Na2
Qc7 16. Rc1 Qb7 17. Qa5 Rfc8 18. Nb4 Rxc1+ 19. Nxc1 Ne8 20. Bd3 f5 21. gxf5 gxf5
22. Nb3 fxe4 23. fxe4 Ng6 24. Rc1 Bf6 25. Qb6 Qxb6 26. Bxb6 Nf4 27. Rg1+ Kf7 28.
Bc2 Ng6 29. Bd1 Nf4 30. Na5 Kf8 31. Be3 Ng6 32. Nbc6 Kf7 33. Bh5 Rc8 34. Rc1 Ng7
35. Be2 Ra8 36. Nb7 Ne8 37. Bd2 Bc8 38. Nbd8+ Kg7 39. Ba5 Bxd8 40. Bxd8 Bd7 41.
Bg5 Kf7 42. Bh6 Bxc6 43. Rxc6 Ke7 44. Bg5+ Kf7 45. Bh5 Kg7 46. Bxg6 Kxg6 47. Be7
Kh5 48. Kc2 Kg4 49. Bxd6 Nxd6 50. Rxd6 Kf4 51. Kd3 Rc8 52. Rf6+ Kg5 53. Rf5+ 1-0

[Event "Graz Casino Open 2014"]
[Site "Graz AUT"]
[Date "2014.02.20"]
[Round "8.24"]
[White "Titz, Heimo"]
[Black "Hoebarth, Guenter"]
[Result "1-0"]
[WhiteTitle "FM"]
[WhiteElo "2165"]
[BlackElo "1950"]
[WhiteFideId "1601520"]
[BlackFideId "1610198"]
[EventDate "2014.02.14"]

1. c4 e5 2. Nc3 Nf6 3. Nf3 e4 4. Ng5 Qe7 5. Qc2 Na6 6. Ngxe4 Nb4 7. Qb1 d5 8.
cxd5 Nxe4 9. Nxe4 Bf5 10. d3 O-O-O 11. e3 Rxd5 12. a3 Bxe4 13. dxe4 Qc5 14. exd5
Nc2+ 15. Kd2 Nxa1 16. Qxa1 Qxd5+ 17. Ke1 Be7 18. Bd2 Rd8 19. Qc1 f5 20. f3 Bh4+
21. g3 Qxf3 22. Rg1 f4 23. gxh4 fxe3 24. Bxe3 Rd1+ 25. Qxd1 Qxe3+ 26. Qe2 1-0

[Event "Graz Casino Open 2014"]
[Site "Graz AUT"]
[Date "2014.02.20"]
[Round "8.25"]
[White "Pretterhofer, Kiaras"]
[Black "Hatzl, Johannes"]
[Result "1/2-1/2"]
[WhiteElo "2005"]
[BlackElo "2141"]
[WhiteFideId "1618768"]
[BlackFideId "1610600"]
[EventDate "2014.02.14"]

1. Nf3 d5 2. d4 c6 3. c4 e6 4. g3 dxc4 5. a4 Bb4+ 6. Bd2 Bxd2+ 7. Nbxd2 b5 8.
Bg2 Bb7 9. O-O Nf6 10. e4 O-O 11. Qc2 h6 12. b3 cxb3 13. Nxb3 Nbd7 14. Nc5 Nxc5
15. dxc5 Qc7 16. Rfd1 Rfd8 17. Rd6 a6 18. Rad1 Ne8 19. e5 Qa5 20. Rd7 Rxd7 21.
Rxd7 Bc8 22. Rd4 g6 23. Nd2 Bb7 24. Be4 Rd8 25. Qd3 Rxd4 26. Qxd4 Qc7 27. Bc2
Bc8 28. Ne4 Qd7 29. Nd6 Kg7 30. h4 h5 31. g4 hxg4 32. Qxg4 Nxd6 33. cxd6 Qa7 34.
Qg5 Qd4 35. Qf6+ Kg8 36. Qd8+ Kg7 37. Qxc8 Qg4+ 38. Kf1 Qc4+ 39. Ke1 Qxc2 40. d7
Qc1+ 41. Ke2 1/2-1/2

[Event "Graz Casino Open 2014"]
[Site "Graz AUT"]
[Date "2014.02.20"]
[Round "8.26"]
[White "Jakits, Leopold"]
[Black "Hocevar, Nikola"]
[Result "1/2-1/2"]
[WhiteElo "2061"]
[BlackElo "2016"]
[WhiteFideId "1616862"]
[BlackFideId "14601524"]
[EventDate "2014.02.14"]

1. e4 c5 2. Nf3 Nc6 3. d4 cxd4 4. Nxd4 g6 5. c4 Bg7 6. Be3 Nf6 7. Nc3 d6 8. Be2
Qa5 9. O-O O-O 10. Rc1 Bd7 11. Kh1 Nxd4 12. Bxd4 Bc6 13. f4 e5 14. b4 Qd8 15.
fxe5 dxe5 16. Bxe5 Nxe4 17. Bxg7 Kxg7 1/2-1/2

[Event "Graz Casino Open 2014"]
[Site "Graz AUT"]
[Date "2014.02.20"]
[Round "8.27"]
[White "Weinberger, Simon"]
[Black "Hapala, Lisa"]
[Result "1/2-1/2"]
[WhiteElo "2008"]
[BlackElo "2054"]
[WhiteFideId "1618202"]
[BlackFideId "1622080"]
[EventDate "2014.02.14"]

1. e4 c5 2. Nf3 e6 3. d4 cxd4 4. Nxd4 Nc6 5. Be2 Qc7 6. c4 Nf6 7. Nc3 a6 8. O-O
Ne5 9. b3 Bb4 10. Bb2 Bxc3 11. Bxc3 Nxe4 12. Bb2 O-O 13. f3 Nf6 14. f4 Ng6 15.
Qc1 d6 16. f5 Ne5 17. g4 Nexg4 18. Bxg4 Nxg4 19. Qg5 Nf6 20. fxe6 fxe6 21. Nxe6
Bxe6 22. Bxf6 Qc5+ 23. Qxc5 dxc5 24. Be7 Rxf1+ 25. Rxf1 Rc8 26. Kg2 h6 27. h4 b6
28. Rf2 Bd7 29. Rd2 Bc6+ 30. Kg3 Kf7 31. Bd8 b5 32. Bb6 Be8 33. Rd5 Rc6 34. Bxc5
bxc4 35. bxc4 Rc7 36. Kf4 Bd7 37. Bd4 Be6 38. Rc5 Rxc5 39. Bxc5 Bxc4 40. a4 Kf6
41. a5 1/2-1/2

[Event "Graz Casino Open 2014"]
[Site "Graz AUT"]
[Date "2014.02.20"]
[Round "8.28"]
[White "Horvath, Reka"]
[Black "Szonyi, Bence"]
[Result "1-0"]
[WhiteElo "2034"]
[BlackElo "1699"]
[WhiteFideId "724971"]
[BlackFideId "769304"]
[EventDate "2014.02.14"]

1. Nf3 d5 2. g3 c5 3. Bg2 Nf6 4. O-O Bg4 5. c4 e6 6. d4 Bxf3 7. Bxf3 cxd4 8.
cxd5 exd5 9. Qxd4 Be7 10. Nc3 Nc6 11. Qa4 O-O 12. Rd1 Qa5 13. Qxa5 Nxa5 14. Nxd5
Nxd5 15. Rxd5 Nc6 16. Rd7 Rad8 17. Bxc6 Rxd7 18. Bxd7 Rd8 19. Ba4 1-0

[Event "Graz Casino Open 2014"]
[Site "Graz AUT"]
[Date "2014.02.20"]
[Round "8.31"]
[White "Aravindh, Chithambaram VR."]
[Black "Danner, Georg"]
[Result "1-0"]
[WhiteTitle "FM"]
[BlackTitle "IM"]
[WhiteElo "2381"]
[BlackElo "2336"]
[WhiteFideId "5072786"]
[BlackFideId "1600303"]
[EventDate "2014.02.14"]

1. e4 c5 2. b3 Nf6 3. e5 Nd5 4. c4 Nc7 5. Bb2 g6 6. Nf3 Bg7 7. g3 Nc6 8. Bg2 O-O
9. O-O d6 10. d4 Bg4 11. h3 Bxf3 12. Bxf3 cxd4 13. exd6 Qxd6 14. Nd2 Rad8 15.
Ne4 Qd7 16. Nc5 Qc8 17. Re1 e5 18. b4 Ne6 19. Nxb7 Qxb7 20. b5 Rc8 21. Ba3 Rfe8
22. Qa4 Ng5 23. Bxc6 Rxc6 24. bxc6 Nf3+ 25. Kg2 Nxe1+ 26. Rxe1 Qb6 27. Bd6 Rc8
28. c5 Qxc6+ 29. Qxc6 Rxc6 30. Rb1 f5 31. Rb8+ Kf7 32. Rb7+ Kf6 33. f4 e4 34.
Be5+ Ke6 35. Bxg7 Rxc5 36. Bxd4 Rc2+ 37. Kf1 Rxa2 38. Rxa7 Rd2 39. Be3 Rd3 40.
Ke2 h6 41. Ra6+ Kf7 42. Ra7+ Kf6 43. g4 fxg4 44. hxg4 h5 45. Ra6+ Kf7 46. gxh5
gxh5 47. Ra4 Rd5 48. Rxe4 Kg6 49. Re5 Rd7 50. Rg5+ Kh6 51. Kf3 Rd3 52. Rg1 Ra3
53. f5+ Kh7 54. Rh1 Kg7 55. Rxh5 Ra4 56. Bf4 Kf6 57. Kg4 1-0